000125615 001__ 125615
000125615 005__ 20230420124057.0
000125615 037__ $$aTAZ-TFG-2022-1696
000125615 041__ $$aspa
000125615 1001_ $$aGil Yuba, Jorge
000125615 24200 $$aPrimary Decomposition
000125615 24500 $$aDescomposición Primaria
000125615 260__ $$aZaragoza$$bUniversidad de Zaragoza$$c2022
000125615 506__ $$aby-nc-sa$$bCreative Commons$$c3.0$$uhttp://creativecommons.org/licenses/by-nc-sa/3.0/
000125615 520__ $$aPor el Teorema fundamental de la Aritmética todo número entero n > 1 se puede descomponer de modo  ́unico como producto de un número finito de números primos, es decir, como producto de un número finito de números primarios (potencia de primos). Así, un ideal del anillo de los números enteros es intersección de un número finito de ideales potencia de ideales primos.<br />El objetivo de este trabajo es estudiar en un anillo (conmutativo y con identidad) la extensión de esta descomposición, que se llama descomposición primaria de un ideal.<br /><br />
000125615 521__ $$aGraduado en Matemáticas
000125615 540__ $$aDerechos regulados por licencia Creative Commons
000125615 700__ $$aOtal Cinca, Javier$$edir.
000125615 7102_ $$aUniversidad de Zaragoza$$bMatemáticas$$c
000125615 8560_ $$f778574@unizar.es
000125615 8564_ $$s517986$$uhttps://zaguan.unizar.es/record/125615/files/TAZ-TFG-2022-1696.pdf$$yMemoria (spa)
000125615 909CO $$ooai:zaguan.unizar.es:125615$$pdriver$$ptrabajos-fin-grado
000125615 950__ $$a
000125615 951__ $$adeposita:2023-04-20
000125615 980__ $$aTAZ$$bTFG$$cCIEN
000125615 999__ $$a20220620101439.CREATION_DATE